000 00711nam a2200289Ia 4500
005 20260324111950.0
008 008 260324s9999 xx 000 0 eng d
020 _a9781003568537
037 _aEBOOK
040 _aCRL
040 _beng
040 _cCRL
041 _2eng
041 _aeng
084 _qCRL
100 _aAphrodite Papachristodoulou
_91140747
245 0 _aProtection of Human Life at Sea in International Law
245 0 _bRescuing Maritime Migrants
260 _bTaylor and Francis
260 _c2025
365 _a
365 _b230
856 _uhttp://www.taylorfrancis.com/books/9781003568537
942 _cEBOOK
999 _c1729758
_d1729758